000 00266nam a2200109Ia 4500
008 200302s9999 xx 000 0 und d
100 _aAshok Dingankar
245 _aArchitecture and Environment
260 _bAbhishek Publications
260 _c2011
300 _a110 P.,
999 _c3280
_d3280